[Event "Elitzur Int Online"]
[Site "Chess.com INT"]
[Date "2020.11.01"]
[Round "4"]
[White "Nykytynets, Pavlo"]
[Black "Karpunin, Kirill"]
[Result "0-1"]
[WhiteElo "1481"]
[BlackElo "1999"]
[PlyCount "94"]
[EventDate "2020.11.01"]
[EventType "swiss (blitz)"]
[EventRounds "11"]
[EventCountry "ISR"]
[SourceTitle "CBM 199 Extra"]
[Source "ChessBase"]
[SourceDate "2021.01.31"]
[SourceVersion "1"]
[SourceVersionDate "2021.01.31"]
[SourceQuality "1"]

1. e4 c5 2. g3 d5 3. Nc3 d4 4. Nce2 e5 5. d3 Nc6 6. f4 Bd6 7. Nf3 Nge7 8. Bg2 0-0 9. 0-0 f5 10. fxe5 Nxe5 11. Nxe5 Bxe5 12. exf5 Nxf5 13. Be4 Qc7 14. Bxf5 Bxf5 15. Bf4 Bh3 16. Rf2 Rae8 17. Qd2 Qe7 18. Bxe5 Rxf2 19. Kxf2 Qxe5 20. Nf4 Bg4 21. Re1 Qxe1+ 22. Qxe1 Rxe1 23. Kxe1 g5 24. Nd5 Kf7 25. b4 Be6 26. Nc7 cxb4 27. Nxe6 Kxe6 28. Ke2 g4 29. Kf2 Kd5 30. h3 h5 31. hxg4 hxg4 32. Ke2 Kc5 33. Kd2 Kb5 34. Kc1 Ka4 35. Kb2 a6 36. Kb1 Ka3 37. Ka1 a5 38. Kb1 a4 39. Ka1 b3 40. axb3 axb3 41. Kb1 bxc2+ 42. Kxc2 b5 43. Kb1 Kb3 44. Kc1 Kc3 45. Kb1 Kxd3 46. Kb2 Ke2 47. Kb3 d3 0-1

[Event "Elitzur Int Online"]
[Site "Chess.com INT"]
[Date "2020.11.01"]
[Round "7"]
[White "Samunenkov, Igor"]
[Black "Karpunin, Kirill"]
[Result "0-1"]
[WhiteElo "2142"]
[BlackElo "1999"]
[PlyCount "138"]
[EventDate "2020.11.01"]
[EventType "swiss (blitz)"]
[EventRounds "11"]
[EventCountry "ISR"]
[SourceTitle "CBM 199 Extra"]
[Source "ChessBase"]
[SourceDate "2021.01.31"]
[SourceVersion "1"]
[SourceVersionDate "2021.01.31"]
[SourceQuality "1"]

1. d4 Nf6 2. g3 g6 3. Bg2 d5 4. Nf3 Bg7 5. c4 c6 6. Qb3 0-0 7. Nc3 dxc4 8. Qxc4 Nbd7 9. 0-0 Nb6 10. Qd3 Qc7 11. Bf4 Qd8 12. Rfd1 Be6 13. Ne5 Nfd5 14. Bd2 Nb4 15. Qe4 Bf5 16. Qh4 Nc2 17. Rac1 Nxd4 18. Bf4 e6 19. Bg5 f6 20. Rxd4 fxg5 21. Rxd8 gxh4 22. Rxa8 Rxa8 23. Nf3 h3 24. Bf1 Rd8 25. Ng5 Bh6 26. f4 e5 27. Bxh3 Bxg5 28. Bxf5 exf4 29. Be6+ Kg7 30. gxf4 Bxf4 31. Rf1 Be3+ 32. Kg2 Rf8 33. Rxf8 Kxf8 34. Kf3 Bd4 35. Ne4 Ke7 36. Bg8 h6 37. b3 Nd7 38. e3 Bg7 39. Ke2 Ne5 40. Nc5 b6 41. Nd3 Ng4 42. Kf3 Nf6 43. Bc4 b5 44. Ne5 bxc4 45. bxc4 Kd6 46. Nxg6 Kc5 47. Ne5 Ne8 48. Nd7+ Kxc4 49. Ke4 Nd6+ 50. Kf4 c5 51. e4 Kd4 52. e5 Ne8 53. e6 c4 54. Nb8 c3 55. Nc6+ Kc5 56. Na5 Kb4 57. Nb3 Ka3 58. Kf5 Kxa2 59. Nc1+ Kb2 60. Nd3+ Kb3 61. Kg6 Bd4 62. Kf7 Nd6+ 63. Ke7 Ne4 64. Kd8 Kc4 65. Nc1 Be3 66. e7 Nf6 67. Ne2 c2 68. e8Q Nxe8 69. Kxe8 Kd3 0-1